000
00316nam a2200133Ia 4500
005
20251222144804.0
008
251222s9999||||xx |||||||||||||| ||spa||
020
_a
84-8280-167-8
082
_a
868.35/C92P
100
_a
Cruz, San Juan de la
245
0
_a
PoesÃas Completas
264
_b
Oveja Negra
942
_c
LIB
999
_c
19859
_d
19859